| 000 | 01398nam a2200301 i 4500 | ||
|---|---|---|---|
| 003 | CSPC | ||
| 005 | 20250721132005.0 | ||
| 008 | 241003s2021 onca b 001 0 eng d | ||
| 020 | _a9781774077108 | ||
| 040 |
_cCSPC _aCSPC _beng _erda |
||
| 082 | 0 | 4 |
_a005.75 _bP13d _223 |
| 100 | 1 |
_aPadallan, Jocelyn O., _eauthor. |
|
| 245 | 1 | 0 |
_aDistributed database architecture / _cJocelyn O. Padallan. |
| 264 | 3 | 1 |
_aBurlington, Ontario : _bArcler Press, _c2021 |
| 300 |
_axix, 236 pages : _bcolor illustrations ; _c24 cm. |
||
| 336 |
_atext _2rdacontent |
||
| 337 |
_aunmediated _2rdamedia |
||
| 338 |
_avolume _2rdacarrier |
||
| 504 | _aIncludes bibliographical references and index. | ||
| 505 | 0 | _aIntroduction to distributed database systems -- Concepts of relational databases -- Overview of computer networking -- Principles of distributed database systems -- Distributed objects database management -- Client or server database architecture -- Database management system: a practical approach -- Data warehousing and data mining. | |
| 650 | 0 | _aDistributed databases. | |
| 650 | 0 | _aDatabase architecture. | |
| 650 | 0 | _aDatabase management. | |
| 650 | 0 | _aClient/server computing. | |
| 650 | 0 | _aComputer networks. | |
| 942 |
_2ddc _n0 _cBK _h005.75 _iP13d _kGRD _m2021 _e23 |
||
| 999 |
_c28266 _d28266 |
||